[Event "46th POL-ch (w)"]
[Site "Gdansk POL"]
[Date "1994.03.??"]
[Round "1"]
[White "Bednarska, Malgorzata"]
[Black "Leszner, Liliana"]
[Result "0-1"]
[WhiteElo "2235"]
[BlackElo "2190"]
[EventDate "1994.03.13"]
[PlyCount "78"]

1.e4 g6 2.d4 Bg7 3.Nc3 d6 4.f4 Nc6 5.Bb5 a6 6.Bxc6+ bxc6 7.Nf3 Rb8 8.h3 
Nf6 9.O-O O-O 10.Qe1 Nd7 11.b3 e6 12.Be3 Qe7 13.Rd1 Bb7 14.Bf2 c5 15.dxc5 
Nxc5 16.Bxc5 dxc5 17.e5 c4 18.Ne4 Bd5 19.Nfd2 cxb3 20.axb3 Rfd8 21.Ra1 Bb7
22.Qe3 Qd7 23.Nf3 Qc6 24.Nc5 Bf8 25.Nxb7 Rxb7 26.Qe2 Rb4 27.Ne1 Qb5 28.Nd3
Rbd4 29.Qe1 c5 30.Ra5 Qb6 31.Kh1 c4 32.bxc4 Rxd3 33.c5 Bxc5 34.Rxc5 Qxc5 
35.cxd3 Rxd3 36.Qe2 Qd5 37.Rb1 Qd8 38.Kh2 Kg7 39.Qa2 a5 0-1

[Event "46th POL-ch (w)"]
[Site "Gdansk POL"]
[Date "1994.03.??"]
[Round "1"]
[White "Blimke, Dalia"]
[Black "Bobrowska, Monika"]
[Result "0-1"]
[WhiteElo "2085"]
[BlackElo "2165"]
[EventDate "1994.03.13"]
[PlyCount "80"]

1.e4 e6 2.d4 d5 3.Nc3 Nf6 4.Bg5 Be7 5.e5 Nfd7 6.Bxe7 Qxe7 7.f4 a6 8.Nf3 c5
9.dxc5 Nxc5 10.Qd2 Nc6 11.O-O-O b5 12.Nd4 Bd7 13.h4 b4 14.Nce2 Ne4 15.Qe1 
Qc5 16.Rh3 O-O 17.Nb3 Qb6 18.Ned4 Rfc8 19.h5 Nxd4 20.Rxd4 a5 21.Qe3 a4 22.
Rxe4 Qc7 23.Nd4 dxe4 24.Qxe4 Bc6 25.Nxc6 Qxc6 26.Bd3 Qxe4 27.Bxe4 Rab8 28.
Kd2 Rc4 29.Re3 Rd4+ 30.Ke2 Rbd8 31.Kf3 Rd2 32.a3 Rb8 33.axb4 Rxb4 34.Ra3 
f5 35.exf6 gxf6 36.c3 Rbxb2 37.Rxa4 f5 38.Ra8+ Kf7 39.Ra7+ Kf6 40.Bxf5 
exf5 0-1

[Event "46th POL-ch (w)"]
[Site "Gdansk POL"]
[Date "1994.03.??"]
[Round "1"]
[White "Henc, Renata"]
[Black "Dabrowska, Krystyna"]
[Result "1-0"]
[WhiteElo "2210"]
[BlackElo "2300"]
[EventDate "1994.03.13"]
[PlyCount "67"]

1.d4 Nf6 2.Nf3 e6 3.c4 b6 4.a3 Bb7 5.Nc3 Ne4 6.Nxe4 Bxe4 7.Bf4 Be7 8.e3 
O-O 9.Be2 d6 10.O-O Nd7 11.Nd2 Bb7 12.Qc2 f5 13.f3 a5 14.b4 e5 15.Bg3 Kh8 
16.Bd3 exd4 17.exd4 Bf6 18.Bf2 g6 19.b5 Qe7 20.a4 Rfe8 21.Nb3 Qf7 22.Rfe1 
Nf8 23.Rad1 Re6 24.Rxe6 Nxe6 25.c5 Bd5 26.Bc4 Nf8 27.Bxd5 Qxd5 28.Rc1 Rd8 
29.cxb6 cxb6 30.Qc4 Qxc4 31.Rxc4 Rb8 32.Rc6 Kg8 33.d5 Re8 34.Rc7 1-0

[Event "46th POL-ch (w)"]
[Site "Gdansk POL"]
[Date "1994.03.??"]
[Round "1"]
[White "Guzkowska, Magdalena"]
[Black "Lukasiewicz, Anna"]
[Result "1/2-1/2"]
[WhiteElo "2105"]
[BlackElo "2170"]
[EventDate "1994.03.13"]
[PlyCount "114"]

1.c4 Nf6 2.Nc3 g6 3.g3 Bg7 4.Bg2 O-O 5.e3 d6 6.Nge2 c6 7.O-O e5 8.d4 Qc7 
9.b4 a5 10.b5 exd4 11.Nxd4 c5 12.b6 Qxb6 13.Rb1 Qd8 14.Ndb5 Nc6 15.Nxd6 
Qe7 16.Nxc8 Raxc8 17.Nd5 Nxd5 18.cxd5 Rfd8 19.Qa4 Nb4 20.Rd1 c4 21.Qxa5 
Nd3 22.Qb5 Qd6 23.Rxd3 cxd3 24.Qxd3 Ra8 25.Rxb7 Rxa2 26.e4 Qc5 27.Be3 Qc8 
28.Rb1 Rc2 29.Qb5 Ra2 30.Qb3 Qa8 31.Bh3 Ra3 32.Qb5 Ra1 33.Rxa1 Qxa1+ 34.
Kg2 Bd4 35.Qd3 Bxe3 36.Qxe3 Qe5 37.f4 Qb2+ 38.Qf2 Qb1 39.Qe2 Re8 40.e5 Rb8
41.Qc4 Rb2+ 42.Kf3 Qd1+ 43.Ke3 Qd2+ 44.Kf3 Rc2 45.Qb5 Qf2+ 46.Kg4 Rc3 47.
Qa5 Qf3+ 48.Kg5 Kg7 49.Bg4 h6+ 50.Kh4 g5+ 51.fxg5 hxg5+ 52.Kh5 Qd3 53.Qb6 
Qxd5 54.Qh6+ Kg8 55.Qxg5+ Kf8 56.Qh6+ Kg8 57.Qg5+ Kf8 1/2-1/2

[Event "46th POL-ch (w)"]
[Site "Gdansk POL"]
[Date "1994.03.??"]
[Round "1"]
[White "Kaczorowska, Barbara"]
[Black "Grochot, Czeslawa"]
[Result "0-1"]
[WhiteElo "2235"]
[BlackElo "2170"]
[EventDate "1994.03.13"]
[PlyCount "80"]

1.Nf3 Nf6 2.g3 g6 3.Bg2 Bg7 4.O-O O-O 5.c4 d6 6.Nc3 c6 7.d4 Bf5 8.Bf4 Ne4 
9.Qb3 Nxc3 10.bxc3 Bc8 11.e4 Nd7 12.Rad1 Qa5 13.Rfe1 e5 14.Bg5 Re8 15.Qb4 
Qc7 16.dxe5 dxe5 17.Rd2 Bf8 18.Qb3 f6 19.Rxd7 Bxd7 20.Bxf6 Bg7 21.Bg5 h6 
22.Be3 Be6 23.Qa4 b6 24.c5 b5 25.Qc2 Qf7 26.a3 Rad8 27.Nh4 Rd7 28.f4 Bb3 
29.Qb2 exf4 30.gxf4 Rd1 31.Rxd1 Bxd1 32.Qd2 Bg4 33.e5 g5 34.fxg5 hxg5 35.
Bxg5 Rxe5 36.Bxc6 Rxc5 37.Qd8+ Bf8 38.Be4 Qd7 39.Qxd7 Bxd7 40.Be3 Re5 0-1

[Event "46th POL-ch (w)"]
[Site "Gdansk POL"]
[Date "1994.03.??"]
[Round "1"]
[White "Sadkiewicz, Joanna"]
[Black "Lewandowska, Katarzyna"]
[Result "0-1"]
[WhiteElo "2225"]
[BlackElo "2130"]
[EventDate "1994.03.13"]
[PlyCount "62"]

1.e4 c5 2.Nf3 Nc6 3.d4 cxd4 4.Nxd4 Nf6 5.Nc3 e5 6.Ndb5 d6 7.a4 Be6 8.Bg5 
Rc8 9.Nd5 Bxd5 10.exd5 Ne7 11.Nc3 a6 12.Bd3 Qa5 13.Bxf6 gxf6 14.Qf3 Bg7 
15.O-O O-O 16.Rfd1 Rfd8 17.Ra3 Qc7 18.Ne4 f5 19.Ng5 h6 20.Nxf7 Kxf7 21.
Bxf5 Nxf5 22.Qxf5+ Kg8 23.Rc3 Qf7 24.Rxc8 Qxf5 25.Rxd8+ Bf8 26.Rd3 e4 27.
Rg3+ Kf7 28.c4 Be7 29.Rb8 Bh4 30.Rxb7+ Kf6 31.Rb6 Ke5 0-1

[Event "46th POL-ch (w)"]
[Site "Gdansk POL"]
[Date "1994.03.??"]
[Round "1"]
[White "Krynicka, Jolanta"]
[Black "Zielinska, Marta"]
[Result "1-0"]
[WhiteElo "2150"]
[BlackElo "2170"]
[EventDate "1994.03.13"]
[PlyCount "83"]

1.Nf3 Nf6 2.g3 g6 3.Bg2 Bg7 4.O-O O-O 5.d3 d6 6.c4 e5 7.Nc3 Nc6 8.Rb1 h6 
9.b4 Be6 10.Nd2 Qd7 11.b5 Nd8 12.a4 Bh3 13.Nde4 Bxg2 14.Nxf6+ Bxf6 15.Kxg2
Bg7 16.Nd5 c6 17.bxc6 bxc6 18.Nc3 f5 19.Qb3 Rf7 20.a5 Ne6 21.Ba3 f4 22.Ne4
Bf8 23.Qa2 Nd4 24.f3 Nf5 25.Bc1 Be7 26.a6 h5 27.Rb7 Qe6 28.Bd2 g5 29.Qa4 
Nd4 30.e3 d5 31.cxd5 cxd5 32.exd4 dxe4 33.dxe4 exd4 34.Qxd4 Qxa6 35.Rxe7 
Rxe7 36.Qd5+ Kh7 37.Qxa8 Qa2 38.Rf2 Qf7 39.Bc3 fxg3 40.hxg3 Rc7 41.Qh8+ 
Kg6 42.Rd2 1-0

[Event "46th POL-ch (w)"]
[Site "Gdansk POL"]
[Date "1994.03.??"]
[Round "2"]
[White "Dabrowska, Krystyna"]
[Black "Bednarska, Malgorzata"]
[Result "1-0"]
[WhiteElo "2300"]
[BlackElo "2235"]
[EventDate "1994.03.13"]
[PlyCount "97"]

1.e4 c5 2.Nf3 d6 3.d4 cxd4 4.Nxd4 Nf6 5.Nc3 g6 6.Be3 Bg7 7.f3 Nc6 8.Qd2 
O-O 9.O-O-O d5 10.exd5 Nxd5 11.Nxc6 bxc6 12.Nxd5 cxd5 13.Qxd5 Qc7 14.Qc5 
Qb8 15.Qa3 a5 16.Bd3 Be6 17.Be4 Ra6 18.Bd5 Rc8 19.Bxe6 Rxe6 20.Rd3 Qc7 21.
c3 Rxe3 22.Rxe3 Bh6 23.Re1 Qe5 24.c4 Qf5 25.Qc3 Rd8 26.Rd1 Rxd1+ 27.Kxd1 
Qb1+ 28.Ke2 Bxe3 29.Kxe3 Qg1+ 30.Ke4 Qxg2 31.c5 Qe2+ 32.Kd4 Qxh2 33.c6 
Qd6+ 34.Ke3 Qc7 35.f4 h5 36.Kf3 Kh7 37.Qc4 e5 38.fxe5 g5 39.Qd5 g4+ 40.Kf4
Kg7 41.Qd6 Qb6 42.c7 Qf2+ 43.Ke4 Qg2+ 44.Kd4 Qxb2+ 45.Kc5 Qc3+ 46.Kb6 Qe3+
47.Qc5 Qh6+ 48.Kb7 Qe6 49.c8=Q 1-0

[Event "46th POL-ch (w)"]
[Site "Gdansk POL"]
[Date "1994.03.??"]
[Round "2"]
[White "Guzkowska, Magdalena"]
[Black "Blimke, Dalia"]
[Result "1-0"]
[WhiteElo "2105"]
[BlackElo "2085"]
[EventDate "1994.03.13"]
[PlyCount "107"]

1.c4 e5 2.Nc3 Nc6 3.g3 d6 4.Bg2 Be6 5.b3 Qd7 6.Bb2 g6 7.Nd5 Bg7 8.Nf3 h6 
9.d4 Bxd5 10.cxd5 Nxd4 11.Nxd4 exd4 12.Bxd4 Nf6 13.Rc1 O-O 14.h4 Rfe8 15.
O-O Re7 16.e3 a6 17.Rc4 Nh5 18.Bxg7 Nxg7 19.Qc2 Ne8 20.Rc1 Re5 21.Kh1 Qf5 
22.e4 Qf6 23.f4 Re7 24.Rf1 a5 25.Qd2 Qg7 26.a4 Nf6 27.Bf3 Ne8 28.Re1 Kh7 
29.Re2 Ra6 30.Qe1 Rb6 31.b4 Rxb4 32.Rxb4 axb4 33.Qxb4 b6 34.e5 Kg8 35.Qe1 
Kh7 36.h5 g5 37.Be4+ Kg8 38.exd6 Nxd6 39.Bh7+ Qxh7 40.Rxe7 gxf4 41.gxf4 
Qf5 42.Re5 Qc2 43.Re2 Qxa4 44.Rg2+ Kf8 45.Qe5 Qe4 46.Qh8+ Ke7 47.Qxh6 b5 
48.Qg5+ Kd7 49.h6 b4 50.Qe5 Qd3 51.Qg7 Qxd5 52.Qg4+ f5 53.Qg7+ Qf7 54.h7 
1-0

[Event "46th POL-ch (w)"]
[Site "Gdansk POL"]
[Date "1994.03.??"]
[Round "2"]
[White "Leszner, Liliana"]
[Black "Kaczorowska, Barbara"]
[Result "1-0"]
[WhiteElo "2190"]
[BlackElo "2235"]
[EventDate "1994.03.13"]
[PlyCount "105"]

1.e4 c6 2.d4 d5 3.exd5 cxd5 4.Bd3 Nc6 5.c3 Qc7 6.Qb3 Nxd4 7.Qxd5 Nc6 8.Nf3
Nf6 9.Qb3 Bg4 10.Nbd2 e6 11.h3 Bh5 12.Bb5 Be7 13.O-O O-O 14.Qc4 Rac8 15.
Bxc6 Qxc6 16.Qxc6 Rxc6 17.Ne5 Rc5 18.Ndf3 Bd6 19.Re1 Bxf3 20.Nxf3 Rd5 21.
Be3 Bb8 22.c4 Rd7 23.b4 Rfd8 24.Rac1 a6 25.a4 Kf8 26.Bc5+ Ke8 27.Kf1 Bc7 
28.Be3 Rd3 29.Ke2 Ne4 30.a5 Rb3 31.Bd4 Rxb4 32.Bxg7 Bxa5 33.Ke3 Nd6 34.Kf4
Nxc4 35.Re4 Bc7+ 36.Kg5 b5 37.Kh6 Rd5 38.Kxh7 Ke7 39.h4 f5 40.Re2 Bf4 41.
Rce1 Ne5 42.Nxe5 Bxe5 43.Bxe5 Rxh4+ 44.Kg6 Rg4+ 45.Kh5 Rxg2 46.Bf4 e5 47.
Bxe5 Kf7 48.Bf4 Rd8 49.Re7+ Kg8 50.R1e2 Rg4 51.Bg5 Rc8 52.Ra7 Ra4 53.Ree7 
1-0

[Event "46th POL-ch (w)"]
[Site "Gdansk POL"]
[Date "1994.03.??"]
[Round "2"]
[White "Lewandowska, Katarzyna"]
[Black "Henc, Renata"]
[Result "1-0"]
[WhiteElo "2130"]
[BlackElo "2210"]
[EventDate "1994.03.13"]
[PlyCount "75"]

1.d4 Nf6 2.Nf3 e6 3.c4 b6 4.a3 Bb7 5.Nc3 d5 6.cxd5 Nxd5 7.Qc2 Nxc3 8.bxc3 
Be7 9.e4 c5 10.Bd3 Qc8 11.O-O cxd4 12.Bb5+ Nc6 13.cxd4 O-O 14.Bf4 Ne5 15.
Qa4 Nxf3+ 16.gxf3 Qc3 17.Be3 a6 18.Be2 b5 19.Qd1 Rac8 20.Qc1 Qb3 21.Qb1 
Qxb1 22.Rfxb1 Rc3 23.a4 b4 24.Bd2 Rc2 25.Bxb4 Re8 26.Bd3 Rcc8 27.Bxe7 Rxe7
28.Rxb7 Rxb7 29.Bxa6 Rbc7 30.Bxc8 Rxc8 31.a5 Ra8 32.a6 Ra7 33.Rb1 g5 34.
Rb6 Kg7 35.Kf1 Rd7 36.Rb4 Ra7 37.Ra4 h5 38.Ke2 1-0

[Event "46th POL-ch (w)"]
[Site "Gdansk POL"]
[Date "1994.03.??"]
[Round "2"]
[White "Lukasiewicz, Anna"]
[Black "Grochot, Czeslawa"]
[Result "0-1"]
[WhiteElo "2170"]
[BlackElo "2170"]
[EventDate "1994.03.13"]
[PlyCount "67"]

1.e4 c5 2.Nf3 e6 3.d4 cxd4 4.Nxd4 Nf6 5.Nc3 d6 6.Be3 a6 7.f3 b5 8.g4 Bb7 
9.Qd2 Nfd7 10.O-O-O Nb6 11.h4 N8d7 12.g5 Ne5 13.Qg2 b4 14.Nb1 Nec4 15.Bg1 
Qc7 16.h5 d5 17.g6 Bd6 18.gxf7+ Qxf7 19.Bh2 Ne3 20.Qd2 Bxh2 21.Rxh2 Nxd1 
22.Kxd1 dxe4 23.Bh3 Bc8 24.Qxb4 Nd5 25.Qc5 Qc7 26.Qxc7 Nxc7 27.fxe4 O-O 
28.Nc3 Bd7 29.Ke2 Rab8 30.b3 Rbe8 31.Nf3 Nb5 32.Na4 Bc6 33.Ke3 Nd6 34.Nc5 
0-1

[Event "46th POL-ch (w)"]
[Site "Gdansk POL"]
[Date "1994.03.??"]
[Round "2"]
[White "Zielinska, Marta"]
[Black "Sadkiewicz, Joanna"]
[Result "1-0"]
[WhiteElo "2170"]
[BlackElo "2225"]
[EventDate "1994.03.13"]
[PlyCount "82"]

1.d4 Nf6 2.c4 c5 3.d5 d6 4.Nc3 g6 5.Nf3 Bg7 6.Nd2 O-O 7.e4 e6 8.Be2 Na6 9.
O-O Nc7 10.Qc2 Rb8 11.a4 Re8 12.Re1 b6 13.Nf1 exd5 14.cxd5 a6 15.f3 b5 16.
Be3 Nd7 17.Rab1 b4 18.Nd1 Ne5 19.Nd2 f5 20.Nf2 fxe4 21.fxe4 Rf8 22.Rf1 Qh4
23.g3 Qe7 24.Rbe1 Ne8 25.b3 Nf6 26.Qd1 Re8 27.Kg2 Kh8 28.h4 Bb7 29.Kh2 
Rbd8 30.Nc4 Nfd7 31.Ng4 Bc8 32.Qc1 Nxg4+ 33.Bxg4 Rf8 34.Bg5 Bf6 35.Bh6 
Rfe8 36.Bxd7 Bxd7 37.Rxf6 Qxf6 38.Rf1 Qc3 39.Nxd6 Qxc1 40.Rxc1 Bxa4 41.
Nxe8 Bxb3 1-0

[Event "46th POL-ch (w)"]
[Site "Gdansk POL"]
[Date "1994.03.??"]
[Round "3"]
[White "Bednarska, Malgorzata"]
[Black "Lewandowska, Katarzyna"]
[Result "0-1"]
[WhiteElo "2235"]
[BlackElo "2130"]
[EventDate "1994.03.13"]
[PlyCount "124"]

1.e4 c5 2.Nf3 Nc6 3.d4 cxd4 4.Nxd4 Nf6 5.Nc3 e5 6.Ndb5 d6 7.Bg5 a6 8.Na3 
b5 9.Bxf6 gxf6 10.Nd5 f5 11.Bd3 Be6 12.O-O Bxd5 13.exd5 Ne7 14.c4 Bg7 15.
Qd2 e4 16.Be2 bxc4 17.Nxc4 O-O 18.Rac1 Rb8 19.b3 Rb5 20.Ne3 f4 21.Bxb5 
fxe3 22.Qxe3 axb5 23.Qxe4 Qd7 24.Rfe1 Be5 25.f4 Bf6 26.Kh1 Kh8 27.h3 Nf5 
28.Qd3 Bh4 29.Red1 Re8 30.Qc3+ Kg8 31.Rd3 Qe7 32.Kh2 Qe4 33.Rf3 Qxd5 34.
Qd3 Qxd3 35.Rxd3 Re2 36.Rc8+ Kg7 37.a4 bxa4 38.bxa4 d5 39.Rcc3 d4 40.Rc1 
Be1 41.Rc5 Nh4 42.Rg5+ Kf6 43.a5 h6 44.Re5 Rxg2+ 45.Kh1 Bf2 46.Re2 Rg1+ 
47.Kh2 Rf1 48.a6 Be3 49.Kg3 Nf5+ 50.Kg2 Rg1+ 51.Kf3 Ra1 52.Rb2 Rxa6 53.
Rdb3 Rc6 54.Ke4 Re6+ 55.Kf3 Nh4+ 56.Kg4 Ng6 57.Rb5 Re4 58.Rb6+ Kg7 59.Kg3 
Bxf4+ 60.Kf3 Re3+ 61.Kf2 Rxh3 62.R2b4 Be3+ 0-1

[Event "46th POL-ch (w)"]
[Site "Gdansk POL"]
[Date "1994.03.??"]
[Round "3"]
[White "Blimke, Dalia"]
[Black "Lukasiewicz, Anna"]
[Result "1-0"]
[WhiteElo "2085"]
[BlackElo "2170"]
[EventDate "1994.03.13"]
[PlyCount "71"]

1.e4 e5 2.Nf3 Nc6 3.d4 exd4 4.Bc4 Bc5 5.c3 Nf6 6.O-O d5 7.exd5 Nxd5 8.Nxd4
Nxd4 9.cxd4 Bb6 10.Nc3 Nxc3 11.Re1+ Be6 12.bxc3 Qf6 13.Qe2 O-O-O 14.Bxe6+ 
fxe6 15.Qxe6+ Qxe6 16.Rxe6 c5 17.Bg5 Rd5 18.Re5 Rxe5 19.dxe5 Re8 20.Re1 
Kd7 21.f4 Ke6 22.g4 Kd5 23.Kg2 Ba5 24.Re3 Kc4 25.e6 Bxc3 26.e7 h6 27.Bh4 
Bd2 28.Re2 Kd3 29.Re5 g5 30.f5 Bc3 31.f6 Bxe5 32.f7 Rxe7 33.f8=Q Bd6 34.
Qd8 Re2+ 35.Bf2 Re6 36.Bxc5 1-0

[Event "46th POL-ch (w)"]
[Site "Gdansk POL"]
[Date "1994.03.??"]
[Round "3"]
[White "Henc, Renata"]
[Black "Zielinska, Marta"]
[Result "0-1"]
[WhiteElo "2210"]
[BlackElo "2170"]
[EventDate "1994.03.13"]
[PlyCount "100"]

1.d4 Nf6 2.Nf3 g6 3.Bg5 Bg7 4.Nbd2 h6 5.Bh4 O-O 6.e4 d6 7.c3 Nbd7 8.Be2 c6
9.O-O Qc7 10.Re1 e5 11.dxe5 dxe5 12.Bf1 Re8 13.Nc4 Bf8 14.a4 b6 15.Qc2 Bg7
16.Rad1 Re6 17.Bg3 Nh5 18.b4 Nxg3 19.hxg3 a5 20.bxa5 bxa5 21.Rd2 Nc5 22.
Rb1 Ba6 23.Nb6 Rd8 24.Bxa6 Nxa6 25.Rxd8+ Qxd8 26.Nd2 Bf8 27.Ndc4 Bc5 28.
Rd1 Qg5 29.Nd7 Ba7 30.Rd3 Nc5 31.Nxc5 Bxc5 32.Qd2 Qg4 33.Qxh6 Re8 34.Nxe5 
Qxe4 35.Nd7 Qe7 36.Rd1 Bxf2+ 37.Kh2 Rd8 38.Qd2 Bb6 39.Qd6 Qg5 40.Qf6 Qh5+ 
41.Qh4 Qxd1 42.Nxb6 Re8 43.Qd4 Qxd4 44.cxd4 Re4 45.Nc4 c5 46.Nxa5 cxd4 47.
Nb3 d3 48.a5 Rb4 49.Nd2 Ra4 50.Kg1 Ra2 0-1

[Event "46th POL-ch (w)"]
[Site "Gdansk POL"]
[Date "1994.03.??"]
[Round "3"]
[White "Kaczorowska, Barbara"]
[Black "Dabrowska, Krystyna"]
[Result "1/2-1/2"]
[WhiteElo "2235"]
[BlackElo "2300"]
[EventDate "1994.03.13"]
[PlyCount "72"]

1.d4 Nf6 2.c4 e6 3.a3 d5 4.e3 c6 5.Nf3 Bd6 6.Nc3 O-O 7.Qc2 Nbd7 8.e4 e5 9.
cxd5 cxd5 10.dxe5 Nxe5 11.Be2 dxe4 12.Nxe4 Bf5 13.Nxf6+ Qxf6 14.Qb3 Rfe8 
15.O-O Be4 16.Nxe5 Bxe5 17.Bc4 Re7 18.a4 Rc8 19.Rd1 Rec7 20.Bd3 Bxd3 21.
Qxd3 h6 22.Rb1 Qh4 23.g3 Qxa4 24.Be3 a6 25.b3 Qg4 26.Qd5 Bf6 27.Bf4 Rc6 
28.b4 Rd8 29.Qb3 Rxd1+ 30.Rxd1 Qe6 31.Qb1 Qe2 32.Rd7 Rc2 33.Be3 Bg5 34.Qb3
Rc4 35.Rxb7 Bxe3 36.Qxe3 Qxe3 1/2-1/2

[Event "46th POL-ch (w)"]
[Site "Gdansk POL"]
[Date "1994.03.??"]
[Round "3"]
[White "Grochot, Czeslawa"]
[Black "Leszner, Liliana"]
[Result "1/2-1/2"]
[WhiteElo "2170"]
[BlackElo "2190"]
[EventDate "1994.03.13"]
[PlyCount "23"]

1.e4 e5 2.Nf3 Nc6 3.Bb5 a6 4.Ba4 b5 5.Bb3 Nf6 6.d3 d6 7.c3 Be7 8.Nbd2 O-O 
9.Nf1 Na5 10.Bc2 c5 11.Ng3 Re8 12.O-O 1/2-1/2

[Event "46th POL-ch (w)"]
[Site "Gdansk POL"]
[Date "1994.03.??"]
[Round "3"]
[White "Sadkiewicz, Joanna"]
[Black "Bobrowska, Monika"]
[Result "1/2-1/2"]
[WhiteElo "2225"]
[BlackElo "2165"]
[EventDate "1994.03.13"]
[PlyCount "148"]

1.e4 e6 2.d4 d5 3.Nc3 Bb4 4.Qd3 dxe4 5.Qxe4 Nf6 6.Qh4 c5 7.dxc5 Bxc3+ 8.
bxc3 Qd5 9.Qd4 Nc6 10.Qxd5 Nxd5 11.Bd2 e5 12.Rb1 O-O 13.Nf3 Rb8 14.Bb5 Be6
15.O-O f6 16.Rb2 Nc7 17.Bd3 Bd5 18.Nh4 Ne7 19.Re1 g5 20.Nf5 Nxf5 21.Bxf5 
Rfd8 22.Be3 Ne8 23.f3 Ng7 24.Be4 Bxe4 25.fxe4 Rdc8 26.Reb1 Rc7 27.Rb5 Ne6 
28.Ra5 Ra8 29.Rab5 Rb8 30.Rd1 Kf7 31.Ra5 Ra8 32.Kf2 a6 33.Rd6 Rac8 34.Rb6 
Nxc5 35.Bxc5 Rxc5 36.Rxb7+ Kg6 37.Rxc5 Rxc5 38.Rb3 Rc6 39.Ke3 f5 40.exf5+ 
Kxf5 41.h3 h5 42.g3 Rc4 43.Kd3 Ra4 44.c4 Rxa2 45.c5 e4+ 46.Kd2 Ke6 47.Rc3 
Kd7 48.c6+ Kc7 49.Ke3 Ra4 50.Rc5 h4 51.gxh4 gxh4 52.c3 Ra2 53.Rh5 Rc2 54.
Kd4 e3 55.Rxh4 Kxc6 56.Re4 e2 57.Kd3 e1=Q 58.Rxe1 Rh2 59.Re3 Kd5 60.Rg3 a5
61.Rg5+ Kc6 62.Rxa5 Rxh3+ 63.Kc4 Rh4+ 64.Kb3 Rh1 65.Rg5 Rf1 66.Kb4 Rf6 67.
c4 Kb6 68.Rh5 Rg6 69.Rb5+ Kc6 70.Ra5 Kb6 71.c5+ Kb7 72.Kb5 Rg1 73.c6+ Kc7 
74.Ra7+ Kc8 1/2-1/2

[Event "46th POL-ch (w)"]
[Site "Gdansk POL"]
[Date "1994.03.??"]
[Round "3"]
[White "Krynicka, Jolanta"]
[Black "Guzkowska, Magdalena"]
[Result "1/2-1/2"]
[WhiteElo "2150"]
[BlackElo "2105"]
[EventDate "1994.03.13"]
[PlyCount "56"]

1.Nf3 c5 2.g3 b6 3.Bg2 Bb7 4.O-O Nf6 5.d3 e6 6.c4 Be7 7.Nc3 O-O 8.a3 Nc6 
9.Bf4 Nh5 10.Bd2 f5 11.e3 Nf6 12.d4 d6 13.Ng5 Qc8 14.d5 Nd8 15.e4 h6 16.
Nxe6 Nxe6 17.dxe6 fxe4 18.Bh3 Qc6 19.Be3 Rad8 20.Qc2 d5 21.cxd5 Nxd5 22.
Nxd5 Qxd5 23.Rfd1 Qh5 24.Bg2 Qf5 25.Rd7 Rxd7 26.exd7 Qxd7 27.Bxe4 Bxe4 28.
Qxe4 Bf6 1/2-1/2

[Event "46th POL-ch (w)"]
[Site "Gdansk POL"]
[Date "1994.03.??"]
[Round "4"]
[White "Blimke, Dalia"]
[Black "Krynicka, Jolanta"]
[Result "1/2-1/2"]
[WhiteElo "2085"]
[BlackElo "2150"]
[EventDate "1994.03.13"]
[PlyCount "112"]

1.e4 e5 2.Nf3 Nf6 3.Bc4 Nxe4 4.Nc3 Nxc3 5.dxc3 c6 6.Nxe5 d5 7.O-O Bd6 8.
Re1 O-O 9.Bd3 Qf6 10.Nf3 Bg4 11.Bg5 Bxf3 12.Qd2 Bf4 13.Bxf4 Be4 14.Bxe4 
dxe4 15.Rxe4 Na6 16.Qe3 Qg6 17.Re1 b6 18.Qe2 Nc5 19.Re3 Rad8 20.h4 Ne6 21.
Be5 Qh6 22.Qg4 Rd2 23.Qf5 Rfd8 24.Bf4 Qg6 25.Rxe6 fxe6 26.Qxg6 hxg6 27.
Bxd2 Rxd2 28.Rxe6 Rxc2 29.Rxc6 Rxb2 30.a4 Ra2 31.Rc4 Kh7 32.f3 Kh6 33.Kh2 
a6 34.Rb4 a5 35.Rc4 Rb2 36.Kh3 b5 37.Rc8 Kh7 38.axb5 Rxb5 39.c4 Rb4 40.c5 
Rc4 41.c6 a4 42.Ra8 Rxc6 43.Rxa4 Rc2 44.g3 Rc5 45.Kg4 Rb5 46.Ra3 Rc5 47.
Re3 Rb5 48.f4 Ra5 49.Re5 Ra3 50.h5 gxh5+ 51.Rxh5+ Kg6 52.Rb5 Ra6 53.f5+ 
Kh6 54.Kh4 g6 55.fxg6 Kxg6 56.g4 Rc6 1/2-1/2

[Event "46th POL-ch (w)"]
[Site "Gdansk POL"]
[Date "1994.03.??"]
[Round "4"]
[White "Dabrowska, Krystyna"]
[Black "Grochot, Czeslawa"]
[Result "1/2-1/2"]
[WhiteElo "2300"]
[BlackElo "2170"]
[EventDate "1994.03.13"]
[PlyCount "125"]

1.e4 c5 2.Nf3 e6 3.b3 d6 4.c4 Nf6 5.Nc3 e5 6.Be2 Be7 7.O-O O-O 8.d3 Na6 9.
Ne1 Nc7 10.f4 exf4 11.Bxf4 Nfe8 12.Bg4 Ne6 13.Nd5 Nxf4 14.Rxf4 Bg5 15.Rf1 
Nc7 16.Nxc7 Qxc7 17.Bxc8 Raxc8 18.Qg4 Qe7 19.Nc2 g6 20.Rf2 Rce8 21.Raf1 h5
22.Qd1 Qe5 23.Kh1 a6 24.a4 Qc3 25.Na3 Bh6 26.Nb1 Qb4 27.Qc2 Bg7 28.Qa2 b5 
29.cxb5 axb5 30.a5 Ra8 31.a6 Ra7 32.Rf4 Be5 33.R4f3 Rfa8 34.Qf2 Bd4 35.Qg3
Qxb3 36.Qxd6 Rxa6 37.Qd7 R6a7 38.Qc6 Ra6 39.Qd7 R6a7 40.Qc6 Rf8 41.e5 Re7 
42.Nd2 Qe6 43.Qxb5 Qxe5 44.Ne4 f5 45.Qa6 Qe6 46.Qa5 Qd5 47.Qb6 Kg7 48.Nd2 
Rf6 49.Qb8 Qd6 50.Qb3 Qb6 51.Qd1 Rfe6 52.Nc4 Qb4 53.Qc1 Re1 54.Qg5 Bf6 55.
Qf4 Qb1 56.Nd2 Qc1 57.g3 Bc3 58.Nb3 Qa3 59.Qc4 Bb4 60.d4 cxd4 61.Nxd4 Qb2 
62.Kg1 Bd2 63.Nc2 1/2-1/2

[Event "46th POL-ch (w)"]
[Site "Gdansk POL"]
[Date "1994.03.??"]
[Round "4"]
[White "Guzkowska, Magdalena"]
[Black "Sadkiewicz, Joanna"]
[Result "1/2-1/2"]
[WhiteElo "2105"]
[BlackElo "2225"]
[EventDate "1994.03.13"]
[PlyCount "82"]

1.d4 Nf6 2.c4 c5 3.d5 d6 4.Nc3 g6 5.e4 Bg7 6.f4 O-O 7.Nf3 Bg4 8.Be2 Nh5 9.
O-O e6 10.Be3 exd5 11.cxd5 a6 12.a4 Re8 13.Nd2 Bxe2 14.Qxe2 f5 15.Qf3 Nd7 
16.Kh1 Nhf6 17.exf5 gxf5 18.Bf2 Ng4 19.Rae1 Nxf2+ 20.Qxf2 Bxc3 21.Rxe8+ 
Qxe8 22.bxc3 Nf6 23.Re1 Qf7 24.c4 Re8 25.a5 Re7 26.Rxe7 Qxe7 27.h3 Kf7 28.
Nf3 Ne4 29.Qe1 Qf6 30.Ng5+ Nxg5 31.fxg5 Qxg5 32.Qe6+ Kg7 33.Qxd6 Qe3 34.
Qc7+ Kg6 35.Qb6+ Kh5 36.g4+ fxg4 37.hxg4+ Kg5 38.Qd8+ Kxg4 39.Qg8+ Kf4 40.
Qf7+ Kg5 41.Qg7+ Kf5 1/2-1/2

[Event "46th POL-ch (w)"]
[Site "Gdansk POL"]
[Date "1994.03.??"]
[Round "4"]
[White "Lewandowska, Katarzyna"]
[Black "Kaczorowska, Barbara"]
[Result "1-0"]
[WhiteElo "2130"]
[BlackElo "2235"]
[EventDate "1994.03.13"]
[PlyCount "52"]

1.d4 d5 2.Nf3 Nf6 3.c4 c6 4.Nc3 dxc4 5.e4 b5 6.e5 Nd5 7.a4 e6 8.axb5 Nxc3 
9.bxc3 cxb5 10.Ng5 Bb7 11.Qh5 g6 12.Qg4 Be7 13.h4 h5 14.Qf4 Bxg5 15.hxg5 
Nd7 16.Ba3 Nb6 17.Bc5 Bd5 18.Ra6 Nd7 19.Bd6 Nb8 20.Ra2 Nc6 21.f3 Rg8 22.g4
hxg4 23.Rh7 Qd7 24.Rah2 Bxf3 25.Rg7 O-O-O 26.Rxf7 Qe8 1-0

[Event "46th POL-ch (w)"]
[Site "Gdansk POL"]
[Date "1994.03.??"]
[Round "4"]
[White "Lukasiewicz, Anna"]
[Black "Leszner, Liliana"]
[Result "0-1"]
[WhiteElo "2170"]
[BlackElo "2190"]
[EventDate "1994.03.13"]
[PlyCount "138"]

1.e4 g6 2.d4 d6 3.f4 Bg7 4.Nf3 Nf6 5.Nc3 O-O 6.e5 dxe5 7.dxe5 Qxd1+ 8.Kxd1
Ng4 9.Ke1 c6 10.Bc4 a5 11.h3 Nh6 12.g4 b5 13.Bd3 f6 14.exf6 exf6 15.a4 b4 
16.Bc4+ Kh8 17.Ne2 Nf7 18.Be3 Nd6 19.Bd3 Re8 20.Bd4 Na6 21.b3 c5 22.Bb2 
Bb7 23.Rf1 Rac8 24.Nd2 Nc7 25.Kf2 Nd5 26.Rg1 Ne3 27.Rg3 Nd5 28.Rd1 Re7 29.
Nc4 Nxc4 30.Bxc4 Nb6 31.Bb5 Be4 32.Rd6 Nd5 33.f5 g5 34.Bc6 Nc3 35.Bxc3 
Bxc6 36.Bxf6 Bxf6 37.Rxf6 Rce8 38.Nc1 Be4 39.c3 Bc2 40.cxb4 cxb4 41.Rc6 
Bb1 42.f6 Re4 43.Rf3 R4e5 44.Rb6 Bg6 45.Nd3 Re2+ 46.Kf1 Rd2 47.Nf2 Rc8 48.
Re6 Bf7 49.Re1 Rb2 50.Ne4 Bxb3 51.Nxg5 h6 52.Ne4 Bd5 53.Rf4 Kg8 54.Nd6 Rf8
55.h4 Rh2 56.g5 hxg5 57.hxg5 Rh1+ 58.Kf2 Rxe1 59.Kxe1 Rd8 60.f7+ Kg7 61.
Nf5+ Kxf7 62.Ne3+ Ke6 63.Rf6+ Ke5 64.Ra6 Kd4 65.Kd2 Bf3 66.Nc2+ Kc4+ 67.
Kc1 Kc3 68.Ne3 b3 69.Rb6 Rh8 0-1

[Event "46th POL-ch (w)"]
[Site "Gdansk POL"]
[Date "1994.03.??"]
[Round "4"]
[White "Zielinska, Marta"]
[Black "Bednarska, Malgorzata"]
[Result "1-0"]
[WhiteElo "2170"]
[BlackElo "2235"]
[EventDate "1994.03.13"]
[PlyCount "63"]

1.d4 Nf6 2.Nf3 g6 3.c4 Bg7 4.Nc3 d5 5.Bg5 Ne4 6.cxd5 Nxg5 7.Nxg5 e6 8.Nf3 
exd5 9.e3 a5 10.Qc2 O-O 11.Bd3 Be6 12.O-O Nd7 13.Na4 Re8 14.a3 Bf8 15.Rab1
c6 16.b4 b5 17.Nc5 Nb6 18.Ne5 Qc8 19.bxa5 Rxa5 20.a4 f6 21.Nxe6 Rxe6 22.
Nxg6 hxg6 23.Bxg6 Re7 24.f4 Rxa4 25.Rf3 Rg7 26.Rh3 Bd6 27.Rf1 Qa8 28.Qf5 
Raa7 29.Qh5 Rxg6 30.Qh8+ Kf7 31.Rh7+ Ke6 32.f5# 1-0

[Event "46th POL-ch (w)"]
[Site "Gdansk POL"]
[Date "1994.03.??"]
[Round "4"]
[White "Bobrowska, Monika"]
[Black "Henc, Renata"]
[Result "1-0"]
[WhiteElo "2165"]
[BlackElo "2210"]
[EventDate "1994.03.13"]
[PlyCount "62"]

1.d4 e6 2.Nf3 Be7 3.c3 d5 4.Bf4 Nf6 5.e3 O-O 6.Bd3 b6 7.Nbd2 c5 8.Ne5 Bb7 
9.O-O Nbd7 10.Qb1 Re8 11.h3 a6 12.a4 Nf8 13.Rd1 Nh5 14.Bh2 cxd4 15.exd4 
Bd6 16.Re1 f6 17.Be2 fxe5 18.Bxh5 g6 19.dxe5 Bc5 20.Bf3 Nd7 21.b4 Bf8 22.
c4 Qg5 23.Qb2 Bg7 24.Rad1 Rf8 25.cxd5 exd5 26.Qb3 Nxe5 27.Bxe5 Bxe5 28.
Bxd5+ Kg7 29.Nf3 Bxd5 30.Qxd5 Rxf3 31.Rxe5 Rd8 1-0